| 000 | 00723nam a2200229Ia 4500 | ||
|---|---|---|---|
| 003 | OSt | ||
| 005 | 20220918110837.0 | ||
| 006 | a|||||r|||| 00| 0 | ||
| 007 | ta | ||
| 008 | 220915b |||||||| |||| 00| 0 hin d | ||
| 024 | _a226331 | ||
| 037 | _cReference Collections | ||
| 040 |
_aARTS _cARTS _bhin |
||
| 041 |
_2hin _ahin |
||
| 082 | _an2,N53, 152P3(FAL/RR) | ||
| 245 | 0 | _aभारत 2003 | |
| 246 | _aBhārat 2003 | ||
| 260 |
_aनई दिल्ली _bप्रकाशन विभाग सूचना और प्रसारण मंत्रालय _c2003 |
||
| 300 | _a1038 पृ0 | ||
| 942 |
_hn2,N53, 152P3(FAL/RR) _cREF |
||
| 999 |
_c115195 _d115195 |
||